000 00804nam a2200229 a 4500
005 20250619063848.0
008 991125s1982 mx 000 0 spa u
035 _aUPN01000028447
049 _aSEP
050 4 _aML920 M6
_bH58
245 0 0 _aHistoria social de la educación artística en México :
_bnotas y documentos /
_c[comp.] Susana Dultzin
260 _aMéxico :
_bINBA,
_c1982
300 _a72 p. :
_bil
440 0 _aCuadernos del Centro de Documentación e Investigación;
_v4
500 _a"La educación musical en México (nivel profesional)"
500 _a"Conservatorio Nacional de Música"
650 4 _aMúsica
_xEstudio y enseñanza
_9174
650 4 _aMúsica
_zMéxico
_xHistoria y crítica
_919786
700 2 _aDultzin, Susana,
_ecomp.
904 _aAC
_b028448
905 _aLibro
999 _c28447
_d28447